Sports Quiz

Random Sports or Baseball Quiz

MLB: 300 K's in a Single Season Quiz Stats

 Plays Quiz Updated Oct 2, 2018

Challenge
Share
Tweet
Embed
Score 0/36 Timer 06:00
0 Plays Today
Strikeouts Pitcher % Correct
372Randy Johnson
98%
364Randy Johnson
98%
347Randy Johnson
98%
334Randy Johnson
98%
329Randy Johnson
98%
308Randy Johnson
98%
313Walter Johnson
96.8%
303Walter Johnson
96.8%
383Nolan Ryan
96%
367Nolan Ryan
96%
341Nolan Ryan
96%
329Nolan Ryan
96%
327Nolan Ryan
96%
301Nolan Ryan
96%
313Pedro Martinez
90.2%
305Pedro Martinez
90.2%
382Sandy Koufax
88.1%
317Sandy Koufax
88.1%
Strikeouts Pitcher % Correct
306Sandy Koufax
88.1%
301Clayton Kershaw
86.6%
319Curt Schilling
84.1%
316Curt Schilling
84.1%
300Curt Schilling
84.1%
300Max Scherzer
83%
308Chris Sale
79.8%
348Bob Feller
64.4%
310Steve Carlton
61%
301Vida Blue
47.7%
306Mike Scott
46.5%
313J.R. Richard
40%
303J.R. Richard
40%
308Mickey Lolich
29.6%
325Sam McDowell
21.4%
304Sam McDowell
21.4%
349Rube Waddell
16.6%
302Rube Waddell
16.6%

You're not logged in!

Compare scores with friends on all Sporcle quizzes.
OR
Log In

You Might Also Like...

Show Comments

Extras

Top Quizzes Today


Score Distribution

Your Account Isn't Verified!

In order to create a playlist on Sporcle, you need to verify the email address you used during registration. Go to your Sporcle Settings to finish the process.

Report this User

Report this user for behavior that violates our Community Guidelines.

Details: